| 000 | 01156cam a2200301 a 4500 | ||
|---|---|---|---|
| 001 | 000015151 | ||
| 005 | 20200929163953.0 | ||
| 008 | 960214s1994 sp a 000 0 spa | ||
| 010 | _a96115477 | ||
| 020 | _a067976562X | ||
| 040 |
_aDO-SdBNP _cDLC _dDLC |
||
| 041 | 1 |
_aspa _hita |
|
| 082 |
_a261 _bJ91c |
||
| 100 | 0 |
_aJuan Pablo _bII, _cPapa, _d1920-2005. _910991 |
|
| 240 | 1 | 0 |
_aVarcare la soglia della speranza. _lEspañol _2Código de idiomas MARC |
| 245 | 1 | 0 |
_aCruzando el umbral de la esperanza / _cpor Su Santidad Juan Pablo II ; editado por Vittorio Messori ; traducido del italiano por Pedro Antonio Urbina. |
| 260 |
_aBarcelona : _bPlaza & Janes, _c1994. |
||
| 300 |
_a221 p. : _bil. ; _c22 cm. |
||
| 534 |
_aTítulo original: _tVarcare la soglia della speranza |
||
| 600 | 0 | 0 |
_aJOHN PAUL _bII, _cPAPA, _d1920-2005 _vENTREVISTAS _934286 |
| 610 | 2 | 0 |
_aIGLESIA CATÓLICA _xDOCTRINAS. _934287 |
| 650 | 4 |
_aIglesia católica _vPapal documents. _934288 |
|
| 650 | 4 |
_aCristianismo _ySIGLO XX _934289 |
|
| 700 | 1 |
_aMessori, Vittorio, _eed. _d1941- _934290 |
|
| 700 | 1 |
_aUrbina, Pedro Antonio _etr. _934291 |
|
| 910 | _aCatalogación derivada | ||
| 049 | _aBNGR | ||
| 999 |
_c14723 _d14723 |
||